التلامس الحضاري الإسلامي _الأوروبي / (رقم التسجيلة. 119366)

تفاصيل مارك
000 -LEADER
fixed length control field 00683nam a22002177a 4500
005 - DATE AND TIME OF LATEST TRANSACTION
control field 20251108174833.0
008 - FIXED-LENGTH DATA ELEMENTS--GENERAL INFORMATION
fixed length control field 250721s2009 xx 000 0 ara d
082 14 - DEWEY DECIMAL CLASSIFICATION NUMBER
Classification number 708.02/حسن
100 1# - MAIN ENTRY--PERSONAL NAME
Personal name إيناس، حسني
245 10 - TITLE STATEMENT
Title التلامس الحضاري الإسلامي _الأوروبي /
264 1# - PRODUCTION, PUBLICATION, DISTRIBUTION, MANUFACTURE, AND COPYRIGHT NOTICE
Place of production, publication, distribution, manufacture الكويت :
Name of producer, publisher, distributor, manufacturer المجلس الوطني للثقافة والفنون،
Date of production, publication, distribution, manufacture, or copyright notice 2009.
300 ## - PHYSICAL DESCRIPTION
Extent 295ص.
490 0# - SERIES STATEMENT
Series statement عالم المعرفة
650 17 - SUBJECT ADDED ENTRY--TOPICAL TERM
Topical term or geographic name as entry element الاسلام
650 17 - SUBJECT ADDED ENTRY--TOPICAL TERM
Topical term or geographic name as entry element اوروبا
650 17 - SUBJECT ADDED ENTRY--TOPICAL TERM
Topical term or geographic name as entry element الحضارة
650 17 - SUBJECT ADDED ENTRY--TOPICAL TERM
Topical term or geographic name as entry element التفاعل الثقافي
650 17 - SUBJECT ADDED ENTRY--TOPICAL TERM
Topical term or geographic name as entry element الفنون الاسلامية
942 ## - ADDED ENTRY ELEMENTS (KOHA)
Source of classification or shelving scheme Dewey Decimal Classification
Koha item type كتب
المقتنيات
حالة السحب حالة الفقدان مصدر التصنيف حالة التلف غير قابل للإعارة المكتبة الرئيسية المكتبة الحالية موقع الرف تاريخ التزويد الرقم المتسلسل Total Checkouts رقم الإستدعاء تاريخ آخر ظهور تاريخ الفاتورة نوع المادة (كوها) الباركود
    Dewey Decimal Classification     المكتبة المركزية المكتبة المركزية مقتنيات قسم التزويد 28/07/2025 1355207   708.02/حسن 28/07/2025 28/07/2025 كتب  
    Dewey Decimal Classification     المكتبة المركزية المكتبة المركزية مقتنيات قسم التزويد 28/07/2025 1355208   708.02/حسن 28/07/2025 28/07/2025 كتب  
    Dewey Decimal Classification     المكتبة المركزية المكتبة المركزية مقتنيات قسم التزويد 28/07/2025 1355209   708.02/حسن 28/07/2025 28/07/2025 كتب  
    Dewey Decimal Classification     المكتبة المركزية المكتبة المركزية مقتنيات قسم التزويد 28/07/2025 1355210   708.02/حسن 28/07/2025 28/07/2025 كتب  
    Dewey Decimal Classification     المكتبة المركزية المكتبة المركزية مقتنيات قسم التزويد 28/07/2025 1355211   708.02/حسن 28/07/2025 28/07/2025 كتب  
    Dewey Decimal Classification     المكتبة المركزية المكتبة المركزية مقتنيات قسم التزويد 28/07/2025 1494080   708.02/حسن 28/07/2025 28/07/2025 كتب  
    Dewey Decimal Classification     مكتبة أبو علندا العامة مكتبة أبو علندا العامة الإعارة 21/01/2010 1355214   708.02/حسن 28/07/2025 21/01/2010 كتب PLD00131426
    Dewey Decimal Classification     مكتبة أم قصير والمقابلين العامة مكتبة أم قصير والمقابلين العامة الإعارة 21/01/2010 1355221   708.02/حسن 28/07/2025 21/01/2010 كتب PLD00131433
    Dewey Decimal Classification     مكتبة الأميرة ايمان العامة مكتبة الأميرة ايمان العامة الإعارة 21/01/2010 1355215   708.02/حسن 28/07/2025 21/01/2010 كتب PLD00131427
    Dewey Decimal Classification     مكتبة الاميرة بديعة مكتبة الاميرة بديعة الإعارة 21/01/2010 1355216   708.02/حسن 28/07/2025 21/01/2010 كتب PLD00131428
    Dewey Decimal Classification     مكتبة الجويدة مكتبة الجويدة الإعارة 21/01/2010 1355217   708.02/حسن 28/07/2025 21/01/2010 كتب PLD00131429
    Dewey Decimal Classification     مكتبة النصر العامة مكتبة النصر العامة الإعارة 21/01/2010 1355219   708.02/حسن 28/07/2025 21/01/2010 كتب PLD00131431
    Dewey Decimal Classification     مكتبة وادي السير العامة مكتبة وادي السير العامة الإعارة 21/01/2010 1355225   708.02/حسن 28/07/2025 21/01/2010 كتب PLD00131437
    Dewey Decimal Classification     مكتبة ومركز فرح مكتبة ومركز فرح الإعارة 21/01/2010 1355228   708.02/حسن 28/07/2025 21/01/2010 كتب PLD00131440
Implemented & Customized by: BBB with SCIT (Smart Chains for Information Technology)

Powered by Koha